Operations Research : Problems and Solutions (Record no. 357850)

MARC details
000 -LEADER
fixed length control field 01285nam a22001937a 4500
005 - DATE AND TIME OF LATEST TRANSACTION
control field 20240508143202.0
008 - FIXED-LENGTH DATA ELEMENTS--GENERAL INFORMATION
fixed length control field 240502b |||||||| |||| 00| 0 eng d
020 ## - INTERNATIONAL STANDARD BOOK NUMBER
International Standard Book Number 9780230636590
041 ## - LANGUAGE CODE
Language code of text/sound track or separate title English
082 ## - DEWEY DECIMAL CLASSIFICATION NUMBER
Classification number 001.4
Item number SHA
100 ## - MAIN ENTRY--PERSONAL NAME
Author Sharma J. K.
245 ## - TITLE STATEMENT
Title Operations Research : Problems and Solutions
250 ## - EDITION STATEMENT
Edition statement 3rd
260 ## - PUBLICATION, DISTRIBUTION, ETC.
Place of publication, distribution, etc. Mumbai
Name of publisher, distributor, etc. MacMillan
Date of publication, distribution, etc. 2009
300 ## - PHYSICAL DESCRIPTION
Extent 894
520 ## - SUMMARY, ETC.
Summary, etc. 1. Operations Research: An Introduction<br/>2. Linear Programming: Model Formulation <br/>3. Linear Programming: Graphical Solution Method <br/>4. Linear Programming: Simplex Method <br/>5. Revised Simplex Method <br/>6. Dual Simplex Method <br/>7. Bounded Variables LP Problems <br/>8. Duality in Linear Programming <br/>9. Sensitivity Analysis <br/>10. Parametric Linear Programming <br/>11. Integer Linear Programming <br/>12. Goal Programming <br/>13. Transportation Problem <br/>14. Assignment Problem <br/>15. Decision Theory and Decision Tree Analysis <br/>16. Theory of Games <br/>17. Project Management: PERT and CPM <br/>18. Inventory Control <br/>19. Queuing Theory <br/>20. Replacement and Maintenance Models <br/>21. Markov Chains <br/>22. Simulation <br/>23. Sequencing Problem <br/>24. Information Theory <br/>25. Dynamic Programming <br/>26. Non-Linear Programming Methods <br/><br/>
650 ## - SUBJECT ADDED ENTRY--TOPICAL TERM
Topical term or geographic name entry element Research
942 ## - ADDED ENTRY ELEMENTS (KOHA)
Koha item type Donated Book
Holdings
Withdrawn status Lost status Source of classification or shelving scheme Damaged status Not for loan Home library Current library Date acquired Full call number Barcode Date last seen Actual Price Koha item type Original Barcode
    Dewey Decimal Classification     School of Fashion Technology School of Fashion Technology 22/03/2024 001.4 SHA SOFT-BK-D92 02/05/2024 425.00 Donated Book D92